000 00356nam a2200169Ia 4500
100 _aDonovan/John J
650 _aComputers
250 _a4
942 _cBK
366 _f20
654 _adigital
245 _aSystems Programming
260 _bMC Graw-Hill Pub
_aNew Delhi
_c2001
082 _a621.382/DON
_bDON
300 _a488
546 _aENGLISH
999 _c21607
_d21607